| 000 | 00482nam a2200193Ia 4500 | ||
|---|---|---|---|
| 008 | 240509s9999 xx 000 0 und d | ||
| 020 | _a9788126520220 | ||
| 041 | _aEng | ||
| 082 | _a006.76 | ||
| 082 | _bS82 | ||
| 100 | _aSUEHRING, Steve : CONVERSE, Tim : PARK, Joyce | ||
| 245 | 0 | _aPHP 6 and MySQL 6 Bible | |
| 260 | _bNew Delhi : Wiley India Pvt. | ||
| 260 | _c2009 | ||
| 300 | _a872 p. | ||
| 650 | _aPHP, MySQL, Web development | ||
| 942 | _2ddc | ||
| 942 | _cLBK | ||
| 999 |
_c23240 _d23240 |
||
| 945 |
_a1 _bMadushi Gamage _c1 _dMadushi Gamage |
||